[Event "4. Moscu Open 2008"]
[Site "Moscu RUS"]
[Date "2008.02.06"]
[Round "5.74"]
[White "Kolomensky, Vladimir"]
[Black "Pokazanjev, Nikolai"]
[Result "0-1"]
[WhiteElo "2258"]
[BlackElo "2405"]
[PlyCount "66"]
[EventDate "2008.02.02"]
[EventType "swiss"]
[EventRounds "9"]
[EventCountry "RUS"]
[Source "lmi"]
[SourceDate "2008.02.02"]

1. e4 e5 2. Nf3 Nc6 3. Bc4 Nf6 4. d4 exd4 5. e5 d5 6. Bb5 Ne4 7. Nxd4 Bd7 8.
Bxc6 bxc6 9. O-O Bc5 10. f3 Ng5 11. Be3 Bb6 12. f4 Ne4 13. Nd2 c5 14. Ne2 Nxd2
15. Qxd2 d4 16. Bf2 O-O 17. c4 f6 18. Bh4 Qe8 19. exf6 Qh5 20. Bg3 Rxf6 21. Nc1
Re8 22. a4 c6 23. Ra3 Be6 24. b3 Bf5 25. Re1 Rxe1+ 26. Bxe1 Re6 27. a5 Bc7 28.
Bg3 Re3 29. a6 Qg4 30. Qf2 h5 31. Ra2 h4 32. Bxh4 Bxf4 33. Bg3 Rxg3 0-1

[Event "4. Moscu Open 2008"]
[Site "Moscu RUS"]
[Date "2008.02.06"]
[Round "5.75"]
[White "Gorovykh, Eduard"]
[Black "Bukavshin, Ivan"]
[Result "1/2-1/2"]
[WhiteElo "2402"]
[BlackElo "2255"]
[PlyCount "70"]
[EventDate "2008.02.02"]
[EventType "swiss"]
[EventRounds "9"]
[EventCountry "RUS"]
[Source "lmi"]
[SourceDate "2008.02.02"]

1. e4 c5 2. Nf3 d6 3. d4 cxd4 4. Nxd4 Nf6 5. Nc3 Nc6 6. g3 e5 7. Nf3 h6 8. Bg2
Be7 9. O-O O-O 10. h3 Be6 11. Nh4 Qd7 12. Kh2 Rac8 13. Nd5 Ne8 14. Qh5 Bxh4 15.
Qxh4 Bxd5 16. exd5 Ne7 17. c3 Nf6 18. Rd1 Qb5 19. Bf1 Qb6 20. Be3 Qxb2 21. Bxa7
Nexd5 22. Rab1 Qa3 23. Rxb7 Ra8 24. Bc4 Qa5 25. g4 Rxa7 26. Rxa7 Qxa7 27. Bxd5
Qa4 28. Rd3 e4 29. Rd4 Qa5 30. Bxe4 Qxc3 31. Ra4 Qb3 32. Ra8 Rxa8 33. Bxa8 d5
34. Qg3 Qb6 35. Kg2 Qe6 1/2-1/2

[Event "4. Moscu Open 2008"]
[Site "Moscu RUS"]
[Date "2008.02.06"]
[Round "5.76"]
[White "Rettore, Ludwig"]
[Black "Slugin, Sergey"]
[Result "1/2-1/2"]
[WhiteElo "2210"]
[BlackElo "2402"]
[PlyCount "99"]
[EventDate "2008.02.02"]
[EventType "swiss"]
[EventRounds "9"]
[EventCountry "RUS"]
[Source "lmi"]
[SourceDate "2008.02.02"]

1. e4 c6 2. d4 d5 3. Nc3 dxe4 4. Nxe4 Bf5 5. Ng3 Bg6 6. h4 h6 7. Nf3 Nd7 8. h5
Bh7 9. Bd3 Bxd3 10. Qxd3 Qc7 11. Bd2 Ngf6 12. O-O-O e6 13. Ne4 O-O-O 14. g3
Nxe4 15. Qxe4 Bd6 16. Kb1 Rhe8 17. Qh7 Rg8 18. Qe4 Kb8 19. c4 c5 20. Bc3 cxd4
21. Bxd4 Bc5 22. Bc3 Kc8 23. Ne5 Nxe5 24. Bxe5 Qe7 25. f4 g6 26. hxg6 Rxg6 27.
f5 exf5 28. Qxf5+ Qe6 29. Rxd8+ Kxd8 30. Rd1+ Kc8 31. Qd3 Rg8 32. Bf4 Be7 33.
Qc3 Qf5+ 34. Qc2 Qxc2+ 35. Kxc2 h5 36. Be5 Rg4 37. Kd3 f6 38. Bf4 h4 39. Ke3
hxg3 40. Kf3 f5 41. Rg1 Kd7 42. Rxg3 Rxf4+ 43. Kxf4 Bd6+ 44. Kf3 Bxg3 45. Kxg3
Kd6 46. Kf4 Kc5 47. Kxf5 Kxc4 48. Ke6 Kd3 49. Kd7 Kc2 50. Kc7 1/2-1/2

[Event "4. Moscu Open 2008"]
[Site "Moscu RUS"]
[Date "2008.02.06"]
[Round "5.77"]
[White "Zhadanov, Vasili B"]
[Black "Zemtsov, Igor"]
[Result "0-1"]
[WhiteElo "2164"]
[BlackElo "2400"]
[PlyCount "58"]
[EventDate "2008.02.02"]
[EventType "swiss"]
[EventRounds "9"]
[EventCountry "RUS"]
[Source "lmi"]
[SourceDate "2008.02.02"]

1. e4 b6 2. d4 Bb7 3. Nc3 e6 4. Bd3 Nf6 5. Nge2 c5 6. O-O d5 7. exd5 Nxd5 8.
dxc5 Bxc5 9. Bb5+ Nc6 10. Nxd5 Qxd5 11. Qxd5 exd5 12. Nc3 O-O-O 13. Bg5 f6 14.
Bf4 g5 15. Bd2 Ne5 16. Rad1 a6 17. Be2 b5 18. Bh5 d4 19. Ne2 Be4 20. Ng3 Bg6
21. Bxg6 hxg6 22. Ne4 Be7 23. Rfe1 Rd7 24. f3 Kb7 25. Re2 Rc8 26. Be3 Rcd8 27.
Red2 Nc4 28. Bf2 Nxd2 29. Rxd2 f5 0-1

[Event "4. Moscu Open 2008"]
[Site "Moscu RUS"]
[Date "2008.02.06"]
[Round "5.78"]
[White "Aleshin, Oleg"]
[Black "Viliavin, Roman"]
[Result "1/2-1/2"]
[WhiteElo "2398"]
[BlackElo "2239"]
[PlyCount "100"]
[EventDate "2008.02.02"]
[EventType "swiss"]
[EventRounds "9"]
[EventCountry "RUS"]
[Source "lmi"]
[SourceDate "2008.02.02"]

1. d4 d5 2. c4 dxc4 3. Nf3 Nf6 4. Nc3 c6 5. a4 Bf5 6. e3 e6 7. Bxc4 Nbd7 8. O-O
Qc7 9. Qe2 Be7 10. e4 Bg6 11. d5 e5 12. dxc6 bxc6 13. Nh4 O-O 14. Nxg6 hxg6 15.
a5 Bc5 16. Bd2 Rab8 17. Rfb1 Qd6 18. Be1 Rfd8 19. Kh1 Bd4 20. Na4 Nf8 21. Ra2
Ne6 22. b4 Nf4 23. Qc2 g5 24. Ra3 g6 25. Bf1 Kg7 26. g3 Ne6 27. Rc1 Rbc8 28. f3
Rh8 29. Qe2 Qd7 30. Bd2 Rxh2+ 31. Qxh2 Rh8 32. Qxh8+ Kxh8 33. g4 Nf4 34. Ra2
Nxe4 35. Bxf4 gxf4 36. fxe4 Qxg4 37. Rg2 Qf3 38. Be2 Qxe4 39. Rf1 Kg7 40. Nc5
Qf5 41. Bg4 Qg5 42. Bh3 Qh4 43. Kh2 Kf6 44. Ne4+ Ke7 45. Ng5 Qh8 46. Rc1 f3 47.
Nxf3 Be3 48. Rc4 Bf4+ 49. Rxf4 exf4 50. Re2+ Kd6 1/2-1/2

[Event "4. Moscu Open 2008"]
[Site "Moscu RUS"]
[Date "2008.02.06"]
[Round "5.79"]
[White "Tonoian, Armen"]
[Black "Kozlov, Gennady"]
[Result "1/2-1/2"]
[WhiteElo "2398"]
[BlackElo "2224"]
[PlyCount "71"]
[EventDate "2008.02.02"]
[EventType "swiss"]
[EventRounds "9"]
[EventCountry "RUS"]
[Source "lmi"]
[SourceDate "2008.02.02"]

1. d4 e6 2. c4 d5 3. Nc3 c6 4. Nf3 dxc4 5. a4 Bb4 6. e4 b5 7. Bd2 Nf6 8. e5
Bxc3 9. bxc3 Ne4 10. Qb1 Qd5 11. Be2 O-O 12. Qc2 f6 13. Be3 Nd7 14. O-O fxe5
15. Rfd1 Nef6 16. axb5 cxb5 17. dxe5 Qe4 18. Qb2 Nd5 19. Rd4 Qf5 20. Qxb5 Nxe5
21. Nxe5 Nxc3 22. Qxc4 Nxe2+ 23. Qxe2 Qxe5 24. Qd2 Bb7 25. Bf4 Qf6 26. Rd1 e5
27. Bg5 Qxf2+ 28. Qxf2 Rxf2 29. Kxf2 exd4 30. Rxd4 a5 31. Rd8+ Rxd8 32. Bxd8 a4
33. Ba5 Kf7 34. Bc3 g6 35. g3 Ke6 36. Ke3 1/2-1/2

[Event "4. Moscu Open 2008"]
[Site "Moscu RUS"]
[Date "2008.02.06"]
[Round "5.80"]
[White "Ageichenko, Genadi A"]
[Black "Venevtsev, Andrey"]
[Result "1-0"]
[WhiteElo "2397"]
[BlackElo "2178"]
[PlyCount "103"]
[EventDate "2008.02.02"]
[EventType "swiss"]
[EventRounds "9"]
[EventCountry "RUS"]
[Source "lmi"]
[SourceDate "2008.02.02"]

1. d4 Nf6 2. c4 c5 3. e3 g6 4. Nf3 Bg7 5. Be2 O-O 6. O-O e6 7. Nc3 cxd4 8. exd4
d5 9. Bg5 dxc4 10. Bxc4 Nbd7 11. Qe2 a6 12. a4 Qa5 13. Bd2 Qh5 14. a5 b5 15.
axb6 a5 16. Ne4 Nxe4 17. Qxe4 Nxb6 18. Be2 Ba6 19. Rxa5 Bd3 20. Rxh5 Bxe4 21.
Rb5 Nd7 22. Rc1 Rfb8 23. Rxb8+ Rxb8 24. Bc3 Nb6 25. Nd2 Bd5 26. Ra1 Ra8 27.
Rxa8+ Bxa8 28. Bf3 Bd5 29. Kf1 Kf8 30. Ke2 Ke7 31. Kd3 Kd6 32. Bb4+ Kc6 33. b3
Kb5 34. Bc5 Nd7 35. Bd6 Bh6 36. Bxd5 exd5 37. Nb1 Kc6 38. Be7 Nb8 39. Nc3 Na6
40. Na2 Kb5 41. Kc3 Bf4 42. h3 Bc7 43. g4 h5 44. gxh5 gxh5 45. Kd3 Ba5 46. Ke3
Be1 47. Nc1 Bb4 48. Bxb4 Kxb4 49. Kf4 Kc3 50. Ke5 Nb4 51. Ne2+ Kxb3 52. Nf4 1-0

[Event "4. Moscu Open 2008"]
[Site "Moscu RUS"]
[Date "2008.02.06"]
[Round "5.81"]
[White "Purygin, Andrei"]
[Black "Potapov, Pavel"]
[Result "1-0"]
[WhiteElo "2196"]
[BlackElo "2395"]
[PlyCount "69"]
[EventDate "2008.02.02"]
[EventType "swiss"]
[EventRounds "9"]
[EventCountry "RUS"]
[Source "lmi"]
[SourceDate "2008.02.02"]

1. d4 f5 2. Bg5 g6 3. c4 Bg7 4. Nc3 d6 5. Nf3 Nf6 6. g3 O-O 7. Bg2 c6 8. O-O
Qe8 9. d5 Na6 10. Nd4 Bd7 11. e4 Nxe4 12. Nxe4 fxe4 13. Bxe4 Nc5 14. Bg2 cxd5
15. cxd5 h6 16. Be3 Qf7 17. b4 Na4 18. Qd3 Rac8 19. Rac1 Kh7 20. h4 Nb6 21. h5
Bf5 22. Be4 Bxd4 23. Qxd4 Nd7 24. hxg6+ Bxg6 25. Bg2 Ne5 26. f4 Ng4 27. f5 Bh5
28. Qe4 Nf6 29. Qe6 Rce8 30. Rc7 Qg7 31. Bd4 Bf7 32. Bxf6 exf6 33. Qxd6 Re3 34.
Rf3 Re1+ 35. Kh2 1-0

[Event "4. Moscu Open 2008"]
[Site "Moscu RUS"]
[Date "2008.02.06"]
[Round "5.82"]
[White "Minasian, Artashes"]
[Black "Ezhikov, Vitaly"]
[Result "1-0"]
[WhiteElo "2578"]
[BlackElo "2314"]
[PlyCount "55"]
[EventDate "2008.02.02"]
[EventType "swiss"]
[EventRounds "9"]
[EventCountry "RUS"]
[Source "lmi"]
[SourceDate "2008.02.02"]

1. e4 c6 2. d4 d5 3. e5 Bf5 4. h4 h6 5. c4 e6 6. Nc3 dxc4 7. Bxc4 Nd7 8. Nge2
Nb6 9. Bb3 Ne7 10. Ng3 Bh7 11. Be3 Nf5 12. Nxf5 Bxf5 13. g4 Bg6 14. h5 Bh7 15.
f4 Be7 16. Qf3 Nd5 17. Nxd5 cxd5 18. Ba4+ Kf8 19. Qd1 Be4 20. Rh2 Bb4+ 21. Kf1
Rc8 22. Rc1 Ke7 23. Bc2 Qd7 24. Bxe4 dxe4 25. Rhc2 Rhd8 26. Rxc8 Rxc8 27. Rxc8
Qxc8 28. Qb3 1-0

[Event "4. Moscu Open 2008"]
[Site "Moscu RUS"]
[Date "2008.02.06"]
[Round "5.84"]
[White "Iskusnyh, Sergei"]
[Black "Egorov, Dmitry"]
[Result "0-1"]
[WhiteElo "2478"]
[BlackElo "2590"]
[PlyCount "68"]
[EventDate "2008.02.02"]
[EventType "swiss"]
[EventRounds "9"]
[EventCountry "RUS"]
[Source "lmi"]
[SourceDate "2008.02.02"]

1. d4 d5 2. c4 c6 3. Nf3 Nf6 4. e3 Bg4 5. Nc3 e6 6. h3 Bh5 7. g4 Bg6 8. Ne5
Nbd7 9. Nxg6 hxg6 10. Bg2 dxc4 11. Qe2 Nb6 12. O-O Qc7 13. a4 a5 14. e4 Be7 15.
Be3 O-O 16. g5 Nh5 17. Qg4 Rad8 18. Rfd1 Bd6 19. d5 exd5 20. exd5 cxd5 21. Nxd5
Nxd5 22. Rxd5 Bh2+ 23. Kh1 Rxd5 24. Bxd5 Bf4 25. Rc1 Bxe3 26. fxe3 Qe5 27. Qf3
Ng3+ 28. Kg1 Ne2+ 29. Qxe2 Qxd5 30. h4 Rc8 31. Qg4 Re8 32. Qxc4 Qd2 33. Qc3 Qe2
34. Rf1 Rxe3 0-1

[Event "4. Moscu Open 2008"]
[Site "Moscu RUS"]
[Date "2008.02.06"]
[Round "5.85"]
[White "Lushenkov, Mikhail"]
[Black "Tarasov, Oleg"]
[Result "1/2-1/2"]
[WhiteElo "2458"]
[BlackElo "2341"]
[PlyCount "38"]
[EventDate "2008.02.02"]
[EventType "swiss"]
[EventRounds "9"]
[EventCountry "RUS"]
[Source "lmi"]
[SourceDate "2008.02.02"]

1. Nf3 d5 2. c4 c6 3. e3 Nf6 4. Nc3 e6 5. b3 Nbd7 6. Bb2 Bd6 7. Qc2 Qe7 8. d4
O-O 9. Be2 b6 10. O-O Bb7 11. e4 dxe4 12. Nxe4 Nxe4 13. Qxe4 Rfe8 14. Rad1 Rad8
15. Bd3 Nf8 16. Qg4 f6 17. Rfe1 Qf7 18. Bc2 c5 19. dxc5 bxc5 1/2-1/2

[Event "4. Moscu Open 2008"]
[Site "Moscu RUS"]
[Date "2008.02.06"]
[Round "5.87"]
[White "Sidorov, Anatoly"]
[Black "Isaev, Yuri"]
[Result "1/2-1/2"]
[WhiteElo "2443"]
[BlackElo "2328"]
[PlyCount "54"]
[EventDate "2008.02.02"]
[EventType "swiss"]
[EventRounds "9"]
[EventCountry "RUS"]
[Source "lmi"]
[SourceDate "2008.02.02"]

1. Nf3 c5 2. c4 Nf6 3. Nc3 g6 4. b3 Bg7 5. Bb2 O-O 6. g3 b6 7. Bg2 Bb7 8. O-O
d5 9. Nxd5 Nxd5 10. Bxg7 Kxg7 11. cxd5 Qxd5 12. d4 cxd4 13. Qxd4+ Qxd4 14. Nxd4
Bxg2 15. Kxg2 e5 16. Nb5 a6 17. Nd6 b5 18. Rac1 Ra7 19. Ne4 Rd8 20. Rc2 Rd4 21.
Kf3 Nd7 22. e3 Rd5 23. g4 Nf6 24. Nc5 h6 25. Rfc1 a5 26. h4 Nd7 27. Ne4 Nf6
1/2-1/2

[Event "4. Moscu Open 2008"]
[Site "Moscu RUS"]
[Date "2008.02.06"]
[Round "5.88"]
[White "Lyaskovsky, Viktor"]
[Black "Alavkin, Arseny"]
[Result "1-0"]
[WhiteElo "2326"]
[BlackElo "2429"]
[PlyCount "91"]
[EventDate "2008.02.02"]
[EventType "swiss"]
[EventRounds "9"]
[EventCountry "RUS"]
[Source "lmi"]
[SourceDate "2008.02.02"]

1. e4 e6 2. d4 d5 3. Nc3 Bb4 4. e5 c5 5. a3 Bxc3+ 6. bxc3 Ne7 7. Qg4 O-O 8. Bd3
f5 9. exf6 Rxf6 10. Bg5 Rf7 11. Qh5 g6 12. Qd1 Nbc6 13. Nf3 Qf8 14. O-O c4 15.
Be2 h6 16. Bc1 g5 17. h3 Ng6 18. Nh2 Rg7 19. a4 Nf4 20. Bf3 Bd7 21. Re1 Kh7 22.
Ba3 Qf7 23. Bd6 Rag8 24. Kh1 Be8 25. Bxf4 gxf4 26. Ng4 Rg5 27. a5 h5 28. Ne5
Qf6 29. Nxc6 Bxc6 30. Qe2 Bd7 31. Rab1 Bc8 32. Rg1 Kh6 33. Qd2 Kh7 34. Qe2 R8g7
35. Rbe1 Qd8 36. Ra1 Kh6 37. Qd2 Qf6 38. Rae1 Kh7 39. Re2 R7g6 40. Rge1 Qg7 41.
Re5 Rf6 42. Qd1 Kh6 43. Bxh5 Rxg2 44. Bg4 Rxf2 45. Rh5+ Kg6 46. Rg1 1-0

[Event "4. Moscu Open 2008"]
[Site "Moscu RUS"]
[Date "2008.02.06"]
[Round "5.89"]
[White "Kazantcev, Valerij M"]
[Black "Vorotnikov, Vladislav V"]
[Result "0-1"]
[WhiteElo "2317"]
[BlackElo "2425"]
[PlyCount "64"]
[EventDate "2008.02.02"]
[EventType "swiss"]
[EventRounds "9"]
[EventCountry "RUS"]
[Source "lmi"]
[SourceDate "2008.02.02"]

1. Nf3 d6 2. d4 Bg4 3. Nbd2 Nd7 4. h3 Bh5 5. e4 e5 6. c3 c6 7. Bd3 Ngf6 8. O-O
Be7 9. Re1 O-O 10. Nf1 Bg6 11. Bc2 exd4 12. Nxd4 Nc5 13. Ng3 d5 14. e5 Nfe4 15.
Ngf5 Ne6 16. Nxe7+ Qxe7 17. Be3 c5 18. Nb3 Rad8 19. f3 d4 20. cxd4 cxd4 21.
Nxd4 Ng3 22. Bxg6 hxg6 23. Qa4 Nxd4 24. Bxd4 Qh4 25. Rad1 Rd5 26. e6 fxe6 27.
Rxe6 Rfd8 28. Qb3 Kh7 29. Re8 Rxe8 30. Qxd5 Rd8 31. Qxb7 Rxd4 32. Re1 Nf5 0-1

[Event "4. Moscu Open 2008"]
[Site "Moscu RUS"]
[Date "2008.02.06"]
[Round "5.90"]
[White "Paveliev, Alexey"]
[Black "Hovhannisyan, Robert"]
[Result "0-1"]
[WhiteElo "2423"]
[BlackElo "2319"]
[PlyCount "62"]
[EventDate "2008.02.02"]
[EventType "swiss"]
[EventRounds "9"]
[EventCountry "RUS"]
[Source "lmi"]
[SourceDate "2008.02.02"]

1. e4 e5 2. Nf3 Nf6 3. Nc3 Nc6 4. Bb5 Nd4 5. O-O Nxb5 6. Nxb5 c6 7. Nc3 d6 8.
d4 Qc7 9. Bg5 Be7 10. h3 O-O 11. d5 h6 12. Bxf6 Bxf6 13. Qd3 Be7 14. Qc4 Qb6
15. Rad1 Bd7 16. Nd2 c5 17. Qd3 f5 18. Nc4 Qd8 19. f4 b5 20. Nxe5 c4 21. Qe2
dxe5 22. fxe5 b4 23. Nb1 fxe4 24. d6 Bg5 25. Qxe4 Kh8 26. Qxc4 Qb6+ 27. Kh1 Bc6
28. Qg4 Qb5 29. Nd2 Bxd2 30. Rxf8+ Rxf8 31. Rxd2 Rf1+ 0-1

[Event "4. Moscu Open 2008"]
[Site "Moscu RUS"]
[Date "2008.02.06"]
[Round "5.91"]
[White "Mikheev, Stanislav"]
[Black "Ivanov, Alexey"]
[Result "0-1"]
[WhiteElo "2312"]
[BlackElo "2314"]
[PlyCount "74"]
[EventDate "2008.02.02"]
[EventType "swiss"]
[EventRounds "9"]
[EventCountry "RUS"]
[Source "lmi"]
[SourceDate "2008.02.02"]

1. e4 c5 2. Nf3 d6 3. d4 cxd4 4. Nxd4 Nf6 5. Nc3 Nc6 6. Bg5 e6 7. Qd2 a6 8.
O-O-O Nxd4 9. Qxd4 Be7 10. f4 b5 11. Bxf6 gxf6 12. f5 Qc7 13. Be2 Qc5 14. Qxc5
dxc5 15. fxe6 fxe6 16. Bh5+ Kf8 17. e5 f5 18. g4 Ra7 19. gxf5 exf5 20. Nd5 Bg5+
21. Kb1 Be6 22. h4 Rd7 23. hxg5 Bxd5 24. Be2 Rg8 25. a4 c4 26. Rh6 Rg6 27. Bf3
Be6 28. Rxd7 Bxd7 29. Rxh7 Be6 30. Ra7 Rxg5 31. Rxa6 Rg1+ 32. Ka2 Ke7 33. a5 b4
34. Rb6 c3+ 35. Rxe6+ Kxe6 36. bxc3 Rg3 37. Bb7 Rxc3 0-1

[Event "4. Moscu Open 2008"]
[Site "Moscu RUS"]
[Date "2008.02.06"]
[Round "5.92"]
[White "Tologontegin, Semetery"]
[Black "Airapetian, Gor"]
[Result "0-1"]
[WhiteElo "2407"]
[BlackElo "2318"]
[PlyCount "66"]
[EventDate "2008.02.02"]
[EventType "swiss"]
[EventRounds "9"]
[EventCountry "RUS"]
[Source "lmi"]
[SourceDate "2008.02.02"]

1. e4 e6 2. d4 d5 3. Nc3 Nf6 4. Bg5 dxe4 5. Nxe4 Be7 6. Bxf6 gxf6 7. Nf3 f5 8.
Nc3 a6 9. Qd2 b5 10. O-O-O Bb7 11. Kb1 Qd6 12. Ne5 Nd7 13. Nf3 Nf6 14. Be2 c5
15. Qc1 Ne4 16. Qe3 O-O-O 17. Rhf1 Qc7 18. Nxe4 fxe4 19. Ng1 cxd4 20. Rxd4 Bc5
21. Rxd8+ Rxd8 22. Qc3 Kb8 23. g3 Qd6 24. a3 e5 25. Bg4 f6 26. Ne2 Bd5 27. Nc1
Bd4 28. Qe1 Bc4 29. Be2 Be6 30. g4 Qb6 31. f3 e3 32. Bd3 h6 33. c3 Bc5 0-1

[Event "4. Moscu Open 2008"]
[Site "Moscu RUS"]
[Date "2008.02.06"]
[Round "5.93"]
[White "Nyzhnyk, Illya"]
[Black "Gankin, Stanislav"]
[Result "0-1"]
[WhiteElo "2405"]
[BlackElo "2308"]
[PlyCount "50"]
[EventDate "2008.02.02"]
[EventType "swiss"]
[EventRounds "9"]
[EventCountry "RUS"]
[Source "lmi"]
[SourceDate "2008.02.02"]

1. e4 e5 2. Nf3 Nc6 3. Bb5 f5 4. Nc3 fxe4 5. Nxe4 d5 6. Nxe5 dxe4 7. Nxc6 Qg5
8. Qe2 Nf6 9. O-O a6 10. Nd4+ axb5 11. Nxb5 Kd8 12. d4 Qh5 13. Qxh5 Nxh5 14.
Nc3 Nf6 15. Bg5 Be7 16. Bxf6 Bxf6 17. Nxe4 Bf5 18. Nxf6 gxf6 19. c3 Re8 20. f3
Ra6 21. d5 Ra5 22. c4 Bd3 23. Rfc1 Re2 24. Rc3 Bg6 25. Rb3 Rc2 0-1

[Event "4. Moscu Open 2008"]
[Site "Moscu RUS"]
[Date "2008.02.06"]
[Round "5.94"]
[White "Purtov, Andrei"]
[Black "Schetinin, Aleksander V"]
[Result "0-1"]
[WhiteElo "2403"]
[BlackElo "2195"]
[PlyCount "62"]
[EventDate "2008.02.02"]
[EventType "swiss"]
[EventRounds "9"]
[EventCountry "RUS"]
[Source "lmi"]
[SourceDate "2008.02.02"]

1. e4 c5 2. Nf3 e6 3. d4 cxd4 4. Nxd4 a6 5. Nc3 b5 6. Bd3 Bb7 7. O-O d6 8. f4
Nf6 9. Qf3 Nbd7 10. a3 Rc8 11. Kh1 Be7 12. Bd2 g6 13. Rae1 O-O 14. Qh3 Rc5 15.
f5 e5 16. Nf3 Nh5 17. Ne2 Ndf6 18. Nc3 Qa8 19. g4 Nf4 20. Bxf4 exf4 21. g5 Nh5
22. f6 Bd8 23. Nd5 Bxd5 24. exd5 Qxd5 25. b4 Rc3 26. a4 bxa4 27. Qd7 Qc6 28.
Qxc6 Rxc6 29. Kg2 h6 30. h4 Ng3 31. Rf2 Bb6 0-1

[Event "4. Moscu Open 2008"]
[Site "Moscu RUS"]
[Date "2008.02.06"]
[Round "5.95"]
[White "Belous, Vladimir"]
[Black "Moskalenko, Alexander"]
[Result "1-0"]
[WhiteElo "2312"]
[BlackElo "2402"]
[PlyCount "84"]
[EventDate "2008.02.02"]
[EventType "swiss"]
[EventRounds "9"]
[EventCountry "RUS"]
[Source "lmi"]
[SourceDate "2008.02.02"]

1. d4 Nf6 2. c4 g6 3. Nc3 Bg7 4. e4 d6 5. Nf3 O-O 6. h3 e5 7. d5 Na6 8. Bg5 h6
9. Be3 Nc5 10. Nd2 a5 11. Be2 c6 12. O-O Bd7 13. b3 Qb8 14. a3 Rc8 15. b4 axb4
16. axb4 Na6 17. Na4 Nxb4 18. Qb3 c5 19. Nb6 Rxa1 20. Rxa1 Rd8 21. Nxd7 Rxd7
22. Qa4 Rd8 23. Bd1 Ne8 24. Nb3 Nc7 25. Be2 Nc2 26. Rb1 Nxe3 27. fxe3 Na6 28.
Na5 Nb4 29. Qb5 Qc7 30. Ra1 Ra8 31. Ra4 Bf8 32. Bd1 Ra7 33. Kh2 h5 34. Nb3 Rxa4
35. Qxa4 Qe7 36. Nd2 Bh6 37. Qa3 Qh4 38. g3 Qg5 39. Kg2 Kg7 40. Nf3 Qe7 41. Kf2
Qd7 42. Kg2 b5 1-0

[Event "4. Moscu Open 2008"]
[Site "Moscu RUS"]
[Date "2008.02.06"]
[Round "5.96"]
[White "Okara, Andrey"]
[Black "Orlov, Nikolay I"]
[Result "1-0"]
[WhiteElo "2402"]
[BlackElo "2314"]
[PlyCount "95"]
[EventDate "2008.02.02"]
[EventType "swiss"]
[EventRounds "9"]
[EventCountry "RUS"]
[Source "lmi"]
[SourceDate "2008.02.02"]

1. e4 c5 2. Nf3 e6 3. d4 cxd4 4. Nxd4 a6 5. Bd3 Qb6 6. Nb3 Qc7 7. O-O Nf6 8. f4
d6 9. Be3 Be7 10. c4 Nbd7 11. Nc3 b6 12. a4 Nc5 13. a5 bxa5 14. Nxc5 dxc5 15.
e5 Nd7 16. Qe2 Nb8 17. Ne4 Nc6 18. Qf2 Nb4 19. Bb1 O-O 20. Nf6+ gxf6 21. Qg3+
Kh8 22. exf6 Bxf6 23. Qh3 Bh4 24. Qxh4 f5 25. Qf2 Rg8 26. Bxc5 Rg6 27. Ra3 Bb7
28. Rg3 Rxg3 29. hxg3 Kg8 30. b3 Be4 31. Bxe4 fxe4 32. Bb6 Qc6 33. Bxa5 Nd3 34.
Qd4 Qc5 35. Qxc5 Nxc5 36. Rb1 Nd3 37. Kf1 Kf7 38. Ke2 Rg8 39. Ke3 Rxg3+ 40.
Kxe4 Nc5+ 41. Ke5 Nxb3 42. Bb6 Rc3 43. Bd4 Rd3 44. Bg1 a5 45. Rb2 Nd2 46. Rb7+
Kg6 47. c5 Rc3 48. Kxe6 1-0

[Event "4. Moscu Open 2008"]
[Site "Moscu RUS"]
[Date "2008.02.06"]
[Round "5.97"]
[White "Rozanov, Pavel B"]
[Black "Reshetnikov, Alexey"]
[Result "0-1"]
[WhiteElo "2253"]
[BlackElo "2388"]
[PlyCount "86"]
[EventDate "2008.02.02"]
[EventType "swiss"]
[EventRounds "9"]
[EventCountry "RUS"]
[Source "lmi"]
[SourceDate "2008.02.02"]

1. d4 Nf6 2. Nf3 d5 3. a3 c6 4. Bf4 Bf5 5. e3 Nbd7 6. c4 e6 7. Nc3 Be7 8. Be2
Nh5 9. Be5 Nhf6 10. Bf4 dxc4 11. Bxc4 Nb6 12. Bd3 Nbd5 13. Nxd5 Qxd5 14. Bxf5
exf5 15. O-O O-O 16. Bg5 h6 17. Bxf6 Bxf6 18. Qc2 g6 19. Rac1 Rfd8 20. Rfd1 Qe6
21. Qc4 Rd5 22. Qc2 Re8 23. b4 a5 24. Rb1 Qe7 25. Qc3 Ra8 26. a4 axb4 27. Qxb4
Ra7 28. Qb3 Rda5 29. Ra1 b5 30. Qc3 Rxa4 31. Rxa4 bxa4 32. Qxc6 a3 33. Ra1 a2
34. Qc2 Qa3 35. Ne1 f4 36. Nd3 fxe3 37. fxe3 Bg5 38. Kf2 Re7 39. Rxa2 Bxe3+ 40.
Kf1 Qd6 41. g3 Qd5 42. Qc8+ Kg7 43. Qa8 Qf5+ 0-1

[Event "4. Moscu Open 2008"]
[Site "Moscu RUS"]
[Date "2008.02.06"]
[Round "5.98"]
[White "Pichugin, Andrei"]
[Black "Ozolin, Maxim"]
[Result "1-0"]
[WhiteElo "2176"]
[BlackElo "2387"]
[PlyCount "65"]
[EventDate "2008.02.02"]
[EventType "swiss"]
[EventRounds "9"]
[EventCountry "RUS"]
[Source "lmi"]
[SourceDate "2008.02.02"]

1. e4 e6 2. d4 d5 3. Nc3 Nf6 4. e5 Nfd7 5. f4 c5 6. Nf3 Nc6 7. Be3 a6 8. Be2 b5
9. O-O Qb6 10. Kh1 cxd4 11. Bxd4 Nxd4 12. Nxd4 Bc5 13. Nf3 Bb7 14. Bd3 f5 15.
exf6 Nxf6 16. Ng5 O-O 17. Qe2 Rae8 18. Rae1 Bc8 19. Nf3 Qc7 20. Ne5 g6 21. Rf3
Qg7 22. Bxg6 hxg6 23. Rg3 Kh7 24. Qd3 Ne4 25. Nxe4 dxe4 26. Qxe4 Bb7 27. Qd3
Rf6 28. Nxg6 Rxg6 29. Re5 Be4 30. Qxe4 Rd8 31. h4 Qh6 32. h5 Rdg8 33. Rxg6 1-0

[Event "4. Moscu Open 2008"]
[Site "Moscu RUS"]
[Date "2008.02.06"]
[Round "5.99"]
[White "Kalashnikov, Konstantin"]
[Black "Aldokhin, Ivan"]
[Result "0-1"]
[WhiteElo "2381"]
[BlackElo "2172"]
[PlyCount "74"]
[EventDate "2008.02.02"]
[EventType "swiss"]
[EventRounds "9"]
[EventCountry "RUS"]
[Source "lmi"]
[SourceDate "2008.02.02"]

1. d4 Nf6 2. c4 e6 3. Nf3 c5 4. d5 d6 5. Nc3 exd5 6. cxd5 g6 7. Bg5 Bg7 8. e3
Qa5 9. Nd2 O-O 10. Nc4 Qd8 11. Be2 b6 12. O-O Ba6 13. a4 Bxc4 14. Bxc4 Nbd7 15.
h3 Qe7 16. Re1 h6 17. Bh4 g5 18. Bg3 Ne4 19. Nxe4 Qxe4 20. Bd3 Qe7 21. Qc2 Nf6
22. Rad1 a6 23. Qe2 b5 24. axb5 axb5 25. Bb1 Rfb8 26. Qc2 Ra4 27. Qf5 Rb4 28.
Re2 Re8 29. f3 Rb3 30. Rd3 Rxd3 31. Bxd3 c4 32. Bb1 Qb7 33. e4 Nh5 34. Qg4 Nxg3
35. Qxg3 Qa7+ 36. Kh1 Qa1 37. Qe1 Bxb2 0-1

[Event "4. Moscu Open 2008"]
[Site "Moscu RUS"]
[Date "2008.02.06"]
[Round "5.100"]
[White "Soltanici, Ruslan"]
[Black "Shefer, Alexander"]
[Result "1-0"]
[WhiteElo "2379"]
[BlackElo "2113"]
[PlyCount "57"]
[EventDate "2008.02.02"]
[EventType "swiss"]
[EventRounds "9"]
[EventCountry "RUS"]
[Source "lmi"]
[SourceDate "2008.02.02"]

1. e4 e6 2. d4 d5 3. Nd2 dxe4 4. Nxe4 Nd7 5. Nf3 Ngf6 6. Nxf6+ Nxf6 7. Be3 Nd5
8. Bd3 Nxe3 9. fxe3 Be7 10. O-O O-O 11. Ne5 Bg5 12. Rf3 g6 13. c3 Bf6 14. Ng4
Bg7 15. Qb3 e5 16. h3 Be6 17. Bc4 Bxc4 18. Qxc4 exd4 19. exd4 c6 20. Raf1 Qd7
21. Nf2 Rae8 22. Nd3 Qe6 23. Qa4 a6 24. Nc5 Qd5 25. Nxb7 Rb8 26. Qxa6 Ra8 27.
Qe2 Rxa2 28. Nc5 Ra5 29. Kh1 1-0